Los caminos de lo sagrado: Introducción a la filosofía de la Religión

Guardat en:
Dades bibliogràfiques
Autor principal: Alessi, Adriano (Autor)
Format: Llibre
Idioma:espanyol
Publicat: Madrid Cristiandad 2004
Matèries:
Etiquetes: Afegir etiqueta
Sense etiquetes, Sigues el primer a etiquetar aquest registre!

MARC

LEADER 00000cam a2200000 a 4500
001 UCH2893
003 CL-VaPUC
008 090702e20040000SP |||||||||||||||||spa|d
020 |a 8470574558 
082 0 4 |a 210  |b ALE  |2 21 
100 0 |a Alessi, Adriano  |e author  |9 537958 
245 1 4 |a Los caminos de lo sagrado: Introducción a la filosofía de la Religión 
300 |a 446 p 
942 |c BK 
945 |d 20090702 00:00:00  |a dcastane 
260 |a Madrid  |b Cristiandad  |c 2004 
650 0 |a Filosofía de la religión   |9 256017 
583 |a last modification  |c 20160414 03:53:18  |k Rodrigo Vera 
999 |c 334554  |d 334552 
952 |0 0  |1 0  |4 0  |6 210_000000000000000_ALE_2004  |7 0  |8 A  |9 423654  |a BIBTEO  |b BIBTEO  |d 2019-11-22  |i 4569431  |o 210 ALE 2004  |p 4569431  |r 2025-01-17  |w 2019-11-22  |y BK  |k ICR 
952 |0 0  |1 0  |3 erb  |4 0  |6 210_000000000000000_ALE_2004  |7 0  |8 A  |9 423655  |a BIBTEO  |b BIBTEO  |i 5281474  |o 210 ALE 2004  |p 5281474  |r 2025-01-17  |w 2019-11-22  |y BK  |z Catalogado en:20160414  |k ICR